La Liga 2012-2013 Top scorers - Statistics

General Stats
  • This quiz has been taken 21 times
  • The average score is 7 of 11
Answer Stats
Goals Nationality Club Player % Correct
Portugal Real Madrid 34 Cristiano Ronaldo
100%
Argentina Barcelona 46 Lionel Messi
100%
Argentina Real Madrid 16 Gonzalo Higuaín
89%
Colombia Atlético Madrid 28 Radamel Falcao
89%
Spain Athletic Bilbao 14 Aritz Aduriz
74%
Spain Valencia 24 Roberto Soldado
63%
Spain Sevilla 25 Álvaro Negredo
58%
Mexico Real Sociedad 14 Carlos Vela
58%
Spain Real Betis 18 Rubén Castro
37%
Portugal Zaragoza 14 Hélder Postiga
11%
Spain Rayo Vallecano 18 Piti
11%
No matching quizzes found
Score Distribution
Percent of People with Each Score
Percentile by Number Answered
Your Score History
You have not taken this quiz